=LDR 00000nam 2200000 4500 =001 INLIS000000000031579 =005 20130612133638 =008 ***********************************ind** =035 ##$$0010-061300000031579 =041 ##$$a ind =082 ##$$a 813 =090 ##$$a 813, Ana, d =100 ##$$a Anam, Anam Khoirul =245 ##$$a Dzikir - Dzikir Cinta, Anam Khoirul Anam; Penyunting, Yusuf Anas =260 ##$$a 2007 $b Jogjakarta =300 ##$$a 382 hlm. , 20,5 cm =650 ##$$a FIKSI INDONESIA =700 ##$$a Anas, Yusuf =850 ##$$a NBPNMAT